Franks Who Changed the US Quiz Stats

 Plays Quiz Updated Jun 25, 2017

Support Sporcle.
Go Orange.
Score 0/16 Timer 04:00
1 Play Today
% Correct
Aretha Franklin
97.5%
Benjamin Franklin
94.5%
Franklin D. Roosevelt
91.7%
Frank Sinatra
91.2%
Frank Lloyd Wright
88.5%
Frank James
87%
Al Franken
81.6%
Franklin Pierce
81.1%
% Correct
Frank Capra
80%
Frank Winfield Woolworth
78.8%
Frank Robinson
76.9%
Frank Abagnale
74.2%
Frank Costello
70.5%
Barney Frank
68.1%
Tommy Franks
60.2%
Martin Frankel
53.2%

You're not logged in!

Compare scores with friends on all Sporcle quizzes.
OR
Log In
Forgot?

From the Vault

Which Country: European Landmarks IV

by alvir28

Today we're just celebrating the continent's most epic castles.
Remove Ads.
Support Sporcle.
Get the best of Sporcle when you Go Orange. This ad-free experience offers more features, more stats, and more fun while also helping to support Sporcle. Thank you for becoming a member.

Show Comments

Extras

Top Quizzes Today


Score Distribution

Your Account Isn't Verified!

In order to create a playlist on Sporcle, you need to verify the email address you used during registration. Go to your Sporcle Settings to finish the process.

Report this User

Report this user for behavior that violates our Community Guidelines.

Details: